000 00442nam a2200181Ia 4500
003 OSt
005 20260110120221.0
008 210210b1962 xxu||||| |||| 00| 0 eng d
040 _cAL
041 _aKannada
082 _a859/1054
100 _aPADMA
_9145867
_dಪದ್ಮಾ
245 _aRasa virasa:
_bರಸ ವಿರಸ
260 _aMangaluru
_b-
_c1962
690 _aKannada Fiction
_9145868
906 _a021800
942 _2ddc
_cBK
999 _c145899
_d145899